Didáctica de la robótica educativa: un enfoque constructivista (Registro nro. 10572)
[ vista simple ]
| 000 -Cabecera | |
|---|---|
| Campo de control de longitud fija | 01464nam a22004457a 4500 |
| 005 - Fecha y hora de la última transacción | |
| Campo de control | 20231115123903.0 |
| 008 - Elementos de longitud fija--Información general | |
| Campo de control de longitud fija | 180416b2016 xxu||||| |||| 00| 0 spa d |
| 020 ## - International Standard Book Number | |
| Número Internacional Estándar del Libro (ISBN) | 9788416277902 |
| 041 ## - Idioma | |
| Código de idioma | Español |
| 082 ## - Clasificación Decimal Dewey | |
| Número de clasificación | 629.892 A723d |
| 100 ## - Entrada principal--Autor personal | |
| Nombre personal | Arlegui, Javier |
| 9 (RLIN) | 46784 |
| 100 ## - Entrada principal--Autor personal | |
| Nombre personal | Pina, Alfredo |
| 9 (RLIN) | 46785 |
| 245 ## - Título propiamente dicho | |
| Título | Didáctica de la robótica educativa: un enfoque constructivista |
| 260 ## - Pie de imprenta | |
| Lugar de publicación, distribución, etc. | España |
| 260 ## - Pie de imprenta | |
| Nombre del editor, distribuidor, etc. | Dextra |
| 260 ## - Pie de imprenta | |
| Fecha de publicación, distribución, etc. | 2016 |
| 300 ## - Descripción física | |
| Extensión | 388 páginas |
| 650 ## - Materia general | |
| Temática (materia general) | ROBÓTICA |
| 650 ## - Materia general | |
| Temática (materia general) | DIDÁCTICA |
| 650 ## - Materia general | |
| Temática (materia general) | PROGRAMACIÓN DE ROBOTS |
| 650 ## - Materia general | |
| Temática (materia general) | ENTORNO SNAP |
| 650 ## - Materia general | |
| Temática (materia general) | ENTORNO LEGO EV3 |
| 650 ## - Materia general | |
| Temática (materia general) | ROBOTS SNAP |
| 650 ## - Materia general | |
| Temática (materia general) | ROBOTS EV3 |
| 650 ## - Materia general | |
| Temática (materia general) | PROGRAMACIÓN NO CONDICIONAL |
| 650 ## - Materia general | |
| Temática (materia general) | PROYECTOS DE PROGRAMACIÓN NO CONDICIONAL |
| 650 ## - Materia general | |
| Temática (materia general) | PROGRAMACIÓN CONDICIONAL |
| 650 ## - Materia general | |
| Temática (materia general) | PROGRAMACIÓN CONDICIONAL SIMPLE |
| 650 ## - Materia general | |
| Temática (materia general) | PROGRAMACIÓN CONDICIONAL COMPLETA |
| 650 ## - Materia general | |
| Temática (materia general) | PROGRAMACIÓN CONDICIONAL CONTINUA |
| 650 ## - Materia general | |
| Temática (materia general) | SENSORES DE LUZ |
| 650 ## - Materia general | |
| Temática (materia general) | PROGRAMACIÓN DE COMPORTAMIENTOS ANIMALES |
| 650 ## - Materia general | |
| Temática (materia general) | VEHÍCULO DE BRAINTERBERG |
| 650 ## - Materia general | |
| Temática (materia general) | SENSORES DE LEGO MINDSTORMS EV3 |
| 650 ## - Materia general | |
| Temática (materia general) | ENTORNO DE PROGRAMACIÓN ENCHANTING |
| 650 ## - Materia general | |
| Temática (materia general) | ESCENARIO BYOB 3.1.1 |
| 650 ## - Materia general | |
| Temática (materia general) | PROYECTOS ESCOLARES DE ROBÓTICA |
| 942 ## - Punto de acceso adicional KOHA | |
| Tipo de ítem KOHA | Libro |
| Fuente del sistema de clasificación o colocación | Dewey Decimal Classification |
| Signatura completa | Código de barras | Programa Académico | Tipo de ítem |
|---|---|---|---|
| 629.892 A723d | 23169 | Electrónica | Libro |
| 629.892 A723d | 23170 | Electrónica | Libro |
| 629.892 A723d | 23171 | Electrónica | Libro |